| 000 | nam a22 7a 4500 | ||
|---|---|---|---|
| 999 |
_c128251 _d128251 |
||
| 008 | 180925b xxu||||| |||| 00| 0 eng d | ||
| 020 | _a0664219241 | ||
| 050 | _aBJ1217.P671990 | ||
| 100 |
_aPorter Jean _942532 |
||
| 245 |
_aThe recovery of vertue: _bthe relevance of aquinas for christian ethics _c/by Jean Porter. |
||
| 260 |
_aUnited states of America: _bWestminster/john knox Press, _c1990. |
||
| 300 |
_a206p.; _c24cm. |
||
| 600 |
_aThomas Aquinas, Saint,1225? _ccontributions in christian ethics _d1274 _942533 |
||
| 650 |
_aChristian ethics _xhistory _xMiddle ages _y600-1500 _942534 |
||
| 650 |
_aVirtues _xHistory _9876 |
||
| 942 |
_2lcc _cMONOGRAPH |
||